[Event "Tourn. n8433"]
[Site "www.chess-mail.com"]
[Date "2015.11.03"]
[Round "1"]
[White "Norlavuaram"]
[Black "Maredocla"]
[WhiteElo "2160"]
[BlackElo "2050"]
[Result "1-0"]
[Round "1"]
1.e4 e5
2.Ng1f3 Nb8c6
3.Bf1b5 Ng8e7
4.O-O d6
5.c3 Bc8d7
6.d4 exd4
7.cxd4 a6
8.Bb5a4 b5
9.Ba4b3 g6
10.Nf3g5 Bf8g7
11.Ng5xf7 Qd8c8
12.Nf7xh8 Bg7xh8
13.Bc1e3 Qc8b7
14.Nb1c3 O-O-O
15.Ra1c1 Nc6a5
16.Bb3c2 Na5c4
17.Rc1b1 Ne7c6
18.Be3g5 Rd8e8
19.d5 Nc6e5
20.Bg5c1 Bd7g4
21.f3 Bg4d7
22.Nc3e2 Re8g8
23.b3 Nc4b6
24.f4 Ne5g4
25.h3 Ng4f6
26.Bc1b2 Nf6h5
27.Bb2xh8 Rg8xh8
28.Qd1d4 Rh8f8
29.Rb1d1 Kb8
30.e5 c5
31.Qd4d2 dxe5
32.fxe5 Nb6xd5
33.Rf1xf8 Ka7
34.Qd2xd5 Bd7c6
35.Qd5f7 { resign }
1-0

[Event "Tourn. n8422"]
[Site "www.chess-mail.com"]
[Date "2015.11.03"]
[Round "1"]
[White "Yangqi"]
[Black "Greghghs"]
[WhiteElo "2550"]
[BlackElo "2480"]
[Result "1-0"]
[Round "1"]
1.e4 c5
2.Nb1c3 Nb8c6
3.f4 e6
4.Ng1f3 a6
5.d4 cxd4
6.Nf3xd4 Bf8c5
7.Bc1e3 Nc6xd4
8.Be3xd4 Bc5xd4
9.Qd1xd4 f6
10.O-O-O Ng8e7
11.Qd4d6 O-O
12.Nc3a4 Ne7c6
13.Bf1c4 Qd8a5
14.Na4c5 Nc6b8
15.Rd1d3 Qa5b4
16.Nc5xe6 Qb4xd6
17.Ne6xf8 { resign }
1-0

[Event "Tourn. n8359"]
[Site "www.chess-mail.com"]
[Date "2015.11.03"]
[Round "1"]
[White "Asoka"]
[Black "Numanoid"]
[WhiteElo "2650"]
[BlackElo "2500"]
[Result "1-0"]
[Round "1"]
1.d4 Ng8f6
2.c4 c5
3.d5 e6
4.Nb1c3 exd5
5.cxd5 d6
6.e4 g6
7.Bf1d3 Bf8g7
8.h3 a6
9.a4 Nb8d7
10.Ng1f3 Nf6h5
11.Bc1g5 Bg7f6
12.Bg5h6 Nd7e5
13.Nf3xe5 Bf6xe5
14.Qd1d2 Rh8g8
15.Bh6g5 Be5f6
16.Bg5e3 Bf6h8
17.g4 Nh5f6
18.e5 dxe5
19.Be3xc5 Nf6d7
20.Bc5a3 Qd8b6
21.Nc3e4 { resign }
1-0

[Event "Tourn. n8420"]
[Site "www.chess-mail.com"]
[Date "2015.11.03"]
[Round "1"]
[White "Falcoale"]
[Black "Pinehill"]
[WhiteElo "1920"]
[BlackElo "1990"]
[Result "0-1"]
[Round "1"]
1.e4 d5
2.exd5 Ng8f6
3.c4 e6
4.dxe6 Bc8xe6
5.Ng1f3 Bf8c5
6.Nb1c3 c6
7.d4 Bc5b4
8.a3 Bb4xc3
9.bxc3 Qd8e7
10.Bf1e2 Be6xc4
11.Bc1e3 Bc4xe2
12.Qd1xe2 O-O
13.Nf3e5 Rf8e8
14.O-O Nb8d7
15.Rf1e1 Nd7xe5
16.dxe5 Qe7xe5
17.Qe2c2 Nf6g4
18.Be3d4 Qe5xe1
{ resign }
0-1

[Event "Tourn. n8388"]
[Site "www.chess-mail.com"]
[Date "2015.11.03"]
[Round "1"]
[White "Norlavuaram"]
[Black "Eusegon"]
[WhiteElo "2100"]
[BlackElo "2110"]
[Result "1-0"]
[Round "1"]
1.e4 e6
2.d4 d5
3.Nb1d2 Ng8f6
4.e5 Nf6d7
5.c3 c5
6.Bf1d3 Nb8c6
7.Ng1e2 cxd4
8.cxd4 f6
9.exf6 Nd7xf6
10.O-O Bf8d6
11.Kh1 O-O
12.Nd2f3 Qd8c7
13.h3 Bc8d7
14.a3 Bd7e8
15.Bc1g5  { time }
1-0

[Event "Tourn. n8435"]
[Site "www.chess-mail.com"]
[Date "2015.11.03"]
[Round "1"]
[White "Redabond"]
[Black "Goosebumps"]
[WhiteElo "1660"]
[BlackElo "1949"]
[Result "0-1"]
[Round "1"]
1.e4 e5
2.Ng1f3 Nb8c6
3.Bf1c4 Nc6d4
4.Nf3xd4 exd4
5.O-O d6
6.Qd1f3 Qd8f6
7.Qf3xf6 Ng8xf6
8.d3 Bc8e6
9.Bc4xe6 fxe6
10.Bc1g5 { time. }
0-1

[Event "Tourn. n8338"]
[Site "www.chess-mail.com"]
[Date "2015.11.03"]
[Round "1"]
[White "Orhany24"]
[Black "Andychesston"]
[WhiteElo "2000"]
[BlackElo "2020"]
[Result "0-1"]
[Round "1"]
1.e4 e5
2.Ng1f3 Nb8c6
3.Bf1c4 Bf8e7
4.c3 Ng8f6
5.O-O O-O
6.Rf1e1 d6
7.h3 Nc6a5
8.Bc4b5 c6
9.Bb5a4 b5
10.Ba4c2 Bc8b7
11.d4 Qd8c7
12.Nb1d2 Ra8e8
13.Nd2f1 c5
14.a4 a6
15.axb5 axb5
16.d5 c4
17.Nf1g3 Kh8
18.Bc1e3 Nf6g8
19.Nf3g5 Be7xg5
20.Qd1d2 Bg5xe3
21.Qd2xe3 Bb7c8
22.f4 Ng8h6
23.f5 f6
24.Ng3e2 Bc8b7
25.g4 Nh6f7
26.h4 h6
27.Ne2g3 Re8a8
28.Ng3h5 Qc7c5
29.Qe3xc5 dxc5
30.Nh5g3 b4
31.Ng3e2 b3
32.Bc2d1 Bb7c8
33.Ne2g3 Bc8d7
34.Bd1e2 Nf7d6
35.Be2f3 Ra8a7
36.Kg2 Kg8
37.Kf2 Kf7
38.Ke3 g5
39.hxg5 hxg5
40.Re1h1 Ke8
41.Rh1h7 Rf8f7
42.Ra1h1 Na5b7
43.Rh7xf7 Nd6xf7
{ resign }
0-1

[Event "Tourn. n8418"]
[Site "www.chess-mail.com"]
[Date "2015.11.03"]
[Round "1"]
[White "Emerchess"]
[Black "Cardiff"]
[WhiteElo "1859"]
[BlackElo "1780"]
[Result "1/2-1/2"]
[Round "1"]
1.Ng1f3 d5
2.d4 Ng8f6
3.Bc1f4 c6
4.h3 Qd8b6
5.Qd1c1 h6
6.e3 Bc8f5
7.Bf1e2 e6
8.O-O Nb8d7
9.Nb1d2 Nf6e4
10.Ra1b1 Bf8e7
11.Nf3e5 Nd7xe5
12.Bf4xe5 O-O
13.Nd2xe4 Bf5xe4
14.Qc1d2 c5
15.Be2d3 Be4xd3
16.Qd2xd3 c4
17.Qd3d1 Be7d6
18.Be5xd6 Qb6xd6
19.c3 b5
20.Rf1e1 a6
21.e4 dxe4
22.Re1xe4 Ra8d8
23.Qd1h5 Qd6d5
24.Qh5xd5 Rd8xd5
25.Rb1e1 Rf8d8
26.Re4e5 Rd5xe5
27.Re1xe5 Rd8d5
28.f4 g6
29.Kf2 Kf8
30.Ke3 Ke7
31.Ke4 Rd5d6
32.Kf3 f6
33.Re5e2 Rd6d5
34.g3 Kd6
35.Re2e1 Kd7
36.Re1e2 Rd5d6
37.Re2e1 Rd6d5
38.Re1e2 Rd5d6
{ draw }
1/2-1/2

[Event "Tourn. n8436"]
[Site "www.chess-mail.com"]
[Date "2015.11.03"]
[Round "1"]
[White "Norlavuaram"]
[Black "Sontuozio"]
[WhiteElo "2200"]
[BlackElo "2120"]
[Result "1/2-1/2"]
[Round "1"]
1.e4 e6
2.d4 d5
3.Nb1d2 dxe4
4.Nd2xe4 Nb8d7
5.Bf1d3 Ng8f6
6.Ng1e2 Nf6xe4
7.Bd3xe4 Nd7f6
8.Be4f3 Bf8e7
9.O-O O-O
10.Bc1f4 Be7d6
11.Qd1d2 c6
12.c4 Rf8e8
13.Ra1d1 Qd8c7
14.Bf4xd6 Qc7xd6
15.a3 b6
16.Ne2c3 Bc8b7
17.Rf1e1 Qd6c7
18.Qd2e3 Ra8d8
19.b4 a6
20.Nc3e4 Nf6xe4
21.Qe3xe4 Rd8d7
22.d5 cxd5
23.cxd5 Rd7d6
24.Qe4f4 Re8d8
25.Rd1c1 Qc7d7
26.dxe6 fxe6
27.Bf3xb7 Qd7xb7
28.h3 Qb7f7
29.Qf4xf7 Kxf7
30.Rc1c3 Rd6d3
31.Re1e3 Rd3xe3
{ draw }
1/2-1/2

[Event "Match"]
[Site "www.echecsemail.com"]
[Date "2015.11.03"]
[Round "1"]
[White "Genius7"]
[Black "Mdesouza"]
[WhiteElo "1730"]
[BlackElo "2180"]
[Result "1/2-1/2"]
[Round "1"]
1.e4 e6
2.d4 d5
3.exd5 exd5
4.Bf1d3 Ng8f6
5.Bc1f4 Bf8d6
6.Bf4xd6 Qd8xd6
7.Ng1f3 Bc8g4
8.c3 O-O
9.O-O Rf8e8
10.Nb1d2 Nb8d7
11.Qd1c2 Re8e7
12.h3 Bg4h5
13.Rf1e1 Ra8e8
14.Re1xe7 Re8xe7
15.Ra1e1 Re7xe1
16.Nf3xe1 Qd6f4
17.Ne1f3 Bh5g6
18.Bd3xg6 hxg6
19.g3 Qf4f5
20.Qc2xf5 gxf5
21.Kf1 Nf6e4
22.Ke2 Nd7f6
23.Nd2xe4 fxe4
24.Nf3d2 Nf6h5
25.Ke3 { draw }
1/2-1/2

[Event "Match"]
[Site "www.echecsemail.com"]
[Date "2015.11.03"]
[Round "1"]
[White "Rocio"]
[Black "Wilddog"]
[WhiteElo "1879"]
[BlackElo "1379"]
[Result "1-0"]
[Round "1"]
1.e4 e5
2.Ng1f3 Ng8f6
3.Bf1c4 h6
4.Nb1c3 a6
5.Nf3xe5 Qd8e7
6.Ne5xf7 Rh8h7
7.Qd1f3 b5
8.e5 Nf6g8
9.Qf3xa8 bxc4
10.Qa8xb8 Kxf7
11.Qb8xc8 Qe7xe5
12.Nc3e2 Qe5d6
13.Qc8a8 c6
14.Qa8xa6 Qd6d5
15.O-O Bf8d6
16.d3 Qd5h5
17.Qa6xc4 Ke7
18.Ne2g3 Qh5f7
19.Qc4xf7 Kxf7
20.Bc1d2 Ng8f6
21.Ra1e1 g6
22.Ng3e4 Nf6d5
23.Ne4xd6 Kf6
24.a4 Nd5c7
25.Nd6e8 Nc7xe8
26.Re1xe8 g5
27.Rf1e1 h5
28.a5 h4
29.a6 Kf7
30.Re8e7 Kg6
31.Re7xh7 Kxh7
32.Re1e7 Kg6
33.Re7xd7 g4
34.a7 { resign }
1-0

[Event "Match"]
[Site "www.echecsemail.com"]
[Date "2015.11.03"]
[Round "1"]
[White "Joseph1983"]
[Black "Witpar"]
[WhiteElo "2170"]
[BlackElo "2630"]
[Result "0-1"]
[Round "1"]
1.e4 c5
2.Ng1f3 e6
3.d4 cxd4
4.Nf3xd4 Ng8f6
5.Nb1c3 d6
6.Bc1g5 Bf8e7
7.f4 h6
8.Bg5h4 Nb8c6
9.Qd1d2 Nf6xe4
10.Bh4xe7 Ne4xd2
11.Be7xd8 Nd2xf1
12.Rh1xf1 Nc6xd4
13.O-O-O Kxd8
14.Rd1xd4 Ke7
{ resign }
0-1

[Event "Match"]
[Site "www.echecsemail.com"]
[Date "2015.11.03"]
[Round "1"]
[White "Paco"]
[Black "Coraza8091"]
[WhiteElo "1860"]
[BlackElo "1659"]
[Result "0-1"]
[Round "1"]
1.e4 e5
2.Ng1f3 Nb8c6
3.Bf1c4 h6
4.d4 Ng8f6
5.d5 Nc6e7
6.Nf3xe5 d6
7.Ne5f3 Nf6xe4
8.Nb1c3 Ne4xc3
9.bxc3 Bc8g4
10.O-O a6
11.h3 Bg4h5
12.Rf1e1 Qd8d7
13.Qd1d3 b5
14.Bc4b3 Bh5g6
15.Qd3d4 Bg6h5
16.c4 g5
17.Qd4xh8 Bh5xf3
18.Bc1b2 O-O-O
19.gxf3 Qd7xh3
20.cxb5 axb5
21.Qh8c3 Ne7f5
22.f4 Qh3g4
23.Kf1 Bf8g7
24.Qc3c6 Bg7xb2
25.Ra1b1 Qg4h3
26.Ke2 Nf5d4
27.Kd1 Nd4xc6
28.dxc6 Qh3f3
29.Re1e2 Qf3h1
30.Re2e1 Qh1f3
31.Re1e2 Rd8e8
32.Rb1xb2 Qf3xe2
{ resign }
0-1

[Event "Match"]
[Site "www.echecsemail.com"]
[Date "2015.11.03"]
[Round "1"]
[White "Tau"]
[Black "Carlosto"]
[WhiteElo "1499"]
[BlackElo "1499"]
[Result "0-1"]
[Round "1"]
1.e4 e6
2.d4 d5
3.Bf1d3 Nb8c6
4.Ng1f3 Ng8f6
5.Qd1e2 Bf8d6
6.e5 Bd6e7
7.exf6 Be7xf6
8.c3 O-O
9.O-O Bf6e7
10.Bd3c2 Be7d6
11.Qe2d3 f5
 { time }
0-1

[Event "Match"]
[Site "www.echecsemail.com"]
[Date "2015.11.03"]
[Round "1"]
[White "Fanny33"]
[Black "Schwiizer"]
[WhiteElo "2760"]
[BlackElo "2770"]
[Result "1/2-1/2"]
[Round "1"]
1.e4 c5
2.Nb1c3 d6
3.g3 g6
4.Bf1g2 Ng8f6
5.d3 Bf8g7
6.f4 Nb8c6
7.Ng1f3 Ra8b8
8.O-O O-O
9.h3 b5
10.g4 b4
11.Nc3e2 Nf6d7
12.f5 Nd7e5
13.Nf3xe5 Bg7xe5
14.c3 bxc3
15.bxc3 Be5g7
16.Bc1e3 Bc8a6
17.Qd1c2 Nc6e5
18.Ra1d1 Qd8a5
19.g5 Rb8b7
20.Ne2f4 Rf8b8
21.Rd1b1 Rb7xb1
22.Rf1xb1 Rb8xb1
23.Qc2xb1 Ne5c6
24.e5 dxe5
25.Nf4e2 Nc6d8
26.Ne2g3 Qa5xc3
27.Qb1b8 Qc3xd3
28.Be3xc5 Bg7f8
29.Qb8xe5 Qd3b5
30.a4 Qb5a5
31.Qe5e3 Ba6c8
32.fxg6 hxg6
33.Bc5xe7 Nd8e6
34.Be7xf8 Kxf8
35.Qe3a3 Qa5c5
36.Qa3xc5 Ne6xc5
37.a5 Nc5b3
38.Kf2 Nb3xa5
39.Ke3 Bc8b7
40.Bg2f1 Na5c6
41.h4 Nc6d8
42.Bf1c4 Ke7
43.h5 gxh5
44.Ng3xh5 Nd8e6
45.Bc4xe6 Kxe6
46.g6 fxg6
47.Nh5f4 Kf5
48.Nf4xg6 Kxg6
{ draw }
1/2-1/2

[Event "Match"]
[Site "www.echecsemail.com"]
[Date "2015.11.03"]
[Round "1"]
[White "Caspito"]
[Black "Roque1"]
[WhiteElo "1790"]
[BlackElo "1520"]
[Result "0-1"]
[Round "1"]
1.e4 c5
2.c3 Ng8f6
3.Qd1f3 d6
4.Ng1h3 Bc8g4
5.Qf3e3 a6
6.d3 Nb8c6
7.Bf1e2 Bg4xh3
8.Qe3xh3 e5
9.Bc1g5 Bf8e7
10.O-O Qd8b6
11.b3 h6
12.Nb1d2 Nf6d7
13.Bg5xe7 Nc6xe7
14.Be2g4 Nd7f6
15.Nd2c4 Qb6c7
16.Qh3g3 Ne7g6
17.Bg4f5 Nf6h5
18.Qg3g4 Ng6f4
19.g3 g6
20.gxf4 Nh5xf4
{ resign }
0-1

[Event "Match"]
[Site "www.echecsemail.com"]
[Date "2015.11.03"]
[Round "1"]
[White "Geodad5"]
[Black "Jhw"]
[WhiteElo "2180"]
[BlackElo "2099"]
[Result "1-0"]
[Round "1"]
1.e4 e5
2.Ng1f3 Ng8f6
3.d3 Nb8c6
4.Nb1c3 b6
5.Bf1e2 Nc6d4
6.O-O d5
7.exd5 Bf8d6
8.Bc1g5 Nd4xf3
9.Be2xf3 Bc8b7
10.Rf1e1 h6
11.Bg5xf6 gxf6
12.d4 Rh8g8
13.dxe5 fxe5
14.Bf3h5 Qd8g5
15.Qd1f3 Rg8g7
16.Re1e4 Bb7c8
17.Ra1e1 Bc8b7
18.Re4f4 O-O-O
19.Rf4xf7 Rg7xf7
20.Bh5xf7 Kb8
21.Bf7e6 Rd8f8
22.Qf3e3 Qg5f6
23.Nc3e4 Qf6h4
24.g3 Qh4h5
25.Ne4xd6 cxd6
26.Qe3a3 Rf8d8
27.c4 a6
28.Qa3e3 Rd8e8
29.f4 Re8xe6
30.dxe6 Qh5h3
31.Re1e2 Qh3xe6
32.b3 Qe6g6
33.fxe5 Qg6b1
34.Kf2 Qb1h1
35.exd6 Qh1xh2
36.Ke1 Qh2h1
37.Kd2 Qh1b1
38.Kc3 Qb1a1
39.Kb4 Qa1f6
40.Qe3xb6 a5
41.Kxa5 Qf6g5
42.Ka4 Kc8
43.Qb6c7 { resign }
1-0

[Event "Match"]
[Site "www.echecsemail.com"]
[Date "2015.11.03"]
[Round "1"]
[White "Pinehill"]
[Black "Docemachess"]
[WhiteElo "1990"]
[BlackElo "1299"]
[Result "1-0"]
[Round "1"]
1.e4 c5
2.Ng1f3 d6
3.d4 cxd4
4.Nf3xd4 Ng8f6
5.Nb1c3 e5
6.Nd4f3 Bf8e7
7.Bf1b5 Bc8d7
8.Qd1e2 Bd7xb5
9.Qe2xb5 Qd8d7
10.Bc1g5 a6
11.Qb5xd7 Nb8xd7
12.O-O-O O-O
13.Rh1e1 Rf8d8
14.Nf3d2 Nd7c5
15.f3 b5
16.Bg5xf6 Be7xf6
17.Nc3d5 Bf6g5
18.Kb1 a5
19.Nd2b3  { time }
1-0

[Event "Match"]
[Site "www.echecsemail.com"]
[Date "2015.11.03"]
[Round "1"]
[White "Joseph1983"]
[Black "Glenno"]
[WhiteElo "2170"]
[BlackElo "2340"]
[Result "1/2-1/2"]
[Round "1"]
1.e4 e5
2.Ng1f3 Nb8c6
3.d4 exd4
4.Nf3xd4 Bf8c5
5.Bc1e3 Qd8f6
6.c3 Ng8e7
7.Bf1c4 Nc6e5
8.Bc4b3 Qf6g6
9.O-O d6
10.Kh1 O-O
11.Nb1d2 Ne5g4
12.Qd1f3 Bc8e6
13.h3 Ng4e5
14.Qf3e2 Be6xb3
15.axb3 f5
16.Nd4xf5 Ne7xf5
17.exf5 Qg6xf5
18.Be3xc5 dxc5
19.Nd2c4 Ne5d3
20.Kg1 a6
21.Ra1d1 Ra8d8
22.Qe2c2 Rd8d7
23.Nc4e3 Qf5g6
24.Rd1d2 Rf8d8
25.Rf1d1 Kf8
26.Kf1 { draw }
1/2-1/2

[Event "Match"]
[Site "www.echecsemail.com"]
[Date "2015.11.03"]
[Round "1"]
[White "Raulazo"]
[Black "Paco"]
[WhiteElo "1980"]
[BlackElo "1840"]
[Result "0-1"]
[Round "1"]
1.e4 e5
2.Ng1f3 Nb8c6
3.Bf1c4 Bf8c5
4.d3 f6
5.c3 d6
6.Bc4xg8 Rh8xg8
7.O-O Bc8g4
8.h3 Bg4xf3
9.Qd1xf3 h6
10.Qf3h5 Kd7
11.Qh5f5 Ke7
12.b4 g6
13.Qf5g4 h5
14.Qg4f3 Bc5b6
15.Bc1e3 Bb6xe3
16.fxe3 h4
17.Qf3xf6 Kd7
18.Qf6f7 Kc8
19.Qf7e6 Kb8
20.Nb1d2 a6
21.Rf1f6 g5
22.Ra1f1 Rg8e8
23.Qe6g4 Re8g8
24.Rf1f5 Ka7
25.Nd2c4 b5
26.Nc4b2 Nc6e7
27.Rf5xg5 Rg8xg5
28.Qg4f3 Rg5g3
29.Qf3h5 Rg3xe3
30.Qh5xh4 Re3e2
31.Nb2d1 Qd8g8
32.Nd1f2 Re2xa2
33.Rf6f3 Ne7g6
34.Qh4h6 Ng6f4
35.g4 Nf4e2
36.Kf1 Ne2xc3
37.Qh6e3 Kb7
38.d4 Qg8c4
39.Kg2 exd4
40.Qe3f4 d3
41.Kg3 Nc3e2
42.Kg2 Ne2xf4
43.Rf3xf4 d2
44.Kg3 Ra8h8
45.e5 Ra2a3
46.Rf4f3 Ra3xf3
47.Kxf3 dxe5
{ resign }
0-1

[Event "1/64 Finale"]
[Site "www.chess-mail.com"]
[Date "2015.11.03"]
[Round "1"]
[White "Ffdd65"]
[Black "Raulazo"]
[WhiteElo "2230"]
[BlackElo "1830"]
[Result "1-0"]
[Round "1"]
1.e4 e5
2.Ng1f3 Nb8c6
3.Bf1b5 Nc6d4
4.Nf3xd4 exd4
5.Qd1f3 Qd8f6
6.Bb5e2 Qf6c6
7.Qf3b3 Qc6xe4
8.f3 Qe4g6
9.O-O Bf8c5
10.d3 Bc5d6
11.c3 Qg6h5
12.h3 Qh5e5
13.cxd4 Qe5h2
14.Kf2 Bd6g3
15.Ke3 Bg3f4
16.Kf2 Bf4g3
17.Ke3 Qh2xg2
18.f4 Qg2xh3
19.Kd2 Qh3h6
20.Kd1 Qh6a6
21.Rf1g1 Qa6g6
22.Qb3d5 c6
23.Qd5f3 Ng8f6
24.Rg1xg3 Qg6h6
25.f5 g5
26.Bc1xg5 Qh6g7
27.Qf3e3 Kd8
28.Bg5h6 Nf6d5
29.Bh6xg7 Nd5xe3
30.Rg3xe3 Rh8g8
31.f6 d5
32.Re3e7 b5
33.Re7xf7 Bc8e6
34.Rf7e7 a5
35.Re7xe6 Kd7
36.Be2g4 Kc7
37.Bg4h5 a4
38.Nb1d2 h6
39.Kc2 a3
40.b3 Kd7
41.Ra1e1 Ra8c8
42.Re6e7 Kd8
43.Bh5f7 c5
44.Bf7xg8 cxd4
45.Kd1 Rc8c3
46.f7 { resign }
1-0

[Event "Eq:Clubul Central de Sah-Good team : "]
[Site "www.chess-mail.com"]
[Date "2015.11.03"]
[Round "1"]
[White "Rocadamica"]
[Black "Add"]
[WhiteElo "2690"]
[BlackElo "2080"]
[Result "1-0"]
[Round "1"]
1.e4 d6
2.d4 e6
3.Ng1f3 c6
4.Bc1f4 Nb8d7
5.h3 h6
6.Bf1d3 Ng8f6
7.O-O a6
8.Nb1d2 b5
9.Bf4g3 Bc8b7
10.c4 Nd7b6
11.b3 Bf8e7
12.Ra1b1 O-O
13.Qd1e2 Nf6h7
14.e5 c5
15.Nd2e4 cxd4
16.exd6 Be7f6
17.c5 Nb6d5
18.Ne4xf6 Nh7xf6
19.Nf3xd4 Nd5c3
20.Qe2e1 Nc3xb1
21.c6 Bb7xc6
22.Nd4xc6 Qd8d7
23.Nc6e7 Kh8
24.Bd3xb1 Ra8b8
25.Bg3e5 Nf6d5
26.Be5xg7 Kxg7
27.Qe1e5 f6
28.Qe5g3 { resign }
1-0

[Event "Eq:Los Tercios-Clubul Central de Sah : "]
[Site "www.chess-mail.com"]
[Date "2015.11.03"]
[Round "1"]
[White "Lopez"]
[Black "Pispindroi"]
[WhiteElo "2050"]
[BlackElo "2620"]
[Result "0-1"]
[Round "1"]
1.e4 c5
2.Nb1c3 d6
3.Bf1c4 a6
4.Ng1f3 e6
5.O-O b5
6.Bc4e2 Bc8b7
7.d3 Ng8f6
8.a3 Bf8e7
9.Rf1e1 Qd8c7
10.Bc1f4 O-O
11.e5 dxe5
12.Bf4xe5 Qc7b6
13.d4 Nb8d7
14.Be5g3 Rf8d8
15.Be2d3 cxd4
16.Nf3xd4 Nd7c5
17.Bg3e5 Nc5xd3
18.Qd1xd3 Nf6g4
19.Ra1d1 Be7c5
{ resign }
0-1

[Event "Tourn. n8426"]
[Site "www.chess-mail.com"]
[Date "2015.11.04"]
[Round "1"]
[White "Jftgalloso"]
[Black "Iko"]
[WhiteElo "1710"]
[BlackElo "1710"]
[Result "1-0"]
[Round "1"]
1.c4 e5
2.e3 Nb8c6
3.a3 Ng8f6
4.Nb1c3 Bf8c5
5.b4 Bc5d6
6.c5 Bd6e7
7.Bc1b2 O-O
8.Bf1e2 b6
9.d4 exd4
10.exd4 bxc5
11.dxc5 d6
12.cxd6 cxd6
13.Be2f3 Bc8g4
14.Bf3xg4 Nf6xg4
15.Qd1xg4 d5
16.Nc3xd5 Qd8xd5
17.Qg4xg7 
1-0

[Event "Tourn. n8441"]
[Site "www.chess-mail.com"]
[Date "2015.11.04"]
[Round "1"]
[White "Easychess"]
[Black "Dulap"]
[WhiteElo "1410"]
[BlackElo "1619"]
[Result "0-1"]
[Round "1"]
1.d4 Ng8f6
2.Ng1f3 d5
3.e3 Nb8c6
4.Bf1b5 e6
5.O-O Bf8e7
6.Nb1d2 O-O
7.Bb5xc6 bxc6
8.Nf3e5 Bc8b7
9.b3 c5
10.Bc1b2 Be7d6
11.dxc5 Bd6xc5
12.Nd2f3 a5
13.a3 Qd8d6
14.Ne5d3 Nf6e4
15.Nd3xc5 Qd6xc5
16.Nf3e5 Qc5d6
17.Qd1g4 f6
18.Ne5d3 c5
19.Qg4f4 e5
20.Qf4h4 Bb7a6
21.Rf1d1 c4
22.bxc4 Ba6xc4
23.Nd3xe5 fxe5
24.Qh4xe4 Qd6f6
25.Qe4f3 Qf6xf3
26.gxf3 Ra8e8
27.Bb2c3 a4
28.Kg2 Bc4e2
29.Rd1b1 Be2xf3
30.Kg3 Bf3e4
31.f4 Be4xc2
32.Rb1b7 d4
33.exd4 exf4
34.Kg2 Bc2e4
{ resign }
0-1

[Event "Tourn. n8441"]
[Site "www.chess-mail.com"]
[Date "2015.11.04"]
[Round "1"]
[White "Hansen"]
[Black "Easychess"]
[WhiteElo "1530"]
[BlackElo "1410"]
[Result "0-1"]
[Round "1"]
1.e4 c5
2.Bf1c4 e6
3.Ng1f3 d6
4.d3 Nb8c6
5.Bc1g5 Bf8e7
6.h4 a6
7.Nb1c3 Ng8f6
8.b3 O-O
9.O-O b5
10.Bc4xb5 axb5
11.Nc3xb5 Bc8a6
12.Nb5c3 Nc6d4
13.Nf3xd4 cxd4
14.Nc3e2 e5
15.f4 Nf6g4
16.Ne2g3 Ng4e3
17.Qd1e2 Ne3xf1
18.Ng3xf1 exf4
19.Bg5xf4 Be7xh4
20.g3 Bh4f6
21.e5 dxe5
22.Bf4d2 Qd8d5
23.Qe2g4 Ba6b7
24.Qg4e2 Rf8e8
25.c4 Qd5h1
26.Kf2 e4
27.Qe2g4 exd3
28.Ra1e1 Qh1g2
{ resign }
0-1

[Event "Tourn. n8362"]
[Site "www.chess-mail.com"]
[Date "2015.11.04"]
[Round "1"]
[White "Dulap"]
[Black "Yvan"]
[WhiteElo "999"]
[BlackElo "999"]
[Result "0-1"]
[Round "1"]
1.e4 e5
2.Ng1f3 Nb8c6
3.Bf1c4 Bf8c5
4.O-O Ng8f6
5.Nb1c3 d6
6.d3 Bc8g4
7.h3 Bg4h5
8.Bc1g5 h6
9.Bg5h4 g5
10.Bh4g3 Nc6d4
11.Kh1 Qd8d7
12.Rf1e1 Bh5xf3
13.gxf3 Qd7xh3
14.Kg1 Nf6h5
{ resign }
0-1

[Event "Tourn. n8385"]
[Site "www.chess-mail.com"]
[Date "2015.11.04"]
[Round "1"]
[White "Asoka"]
[Black "Seger"]
[WhiteElo "2670"]
[BlackElo "2750"]
[Result "1/2-1/2"]
[Round "1"]
1.e4 c5
2.Ng1f3 d6
3.Nb1c3 e5
4.Bf1c4 Bf8e7
5.a3 Nb8c6
6.b4 Ng8f6
7.bxc5 dxc5
8.O-O O-O
9.d3 Bc8e6
10.Bc4xe6 fxe6
11.Bc1e3 Nf6g4
12.Be3c1 Ng4f6
13.Bc1e3 a6
14.a4 Nf6g4
15.Be3d2 c4
16.h3 Ng4f6
17.Bd2e3 Nf6d7
18.Ra1b1 Qd8c7
19.Qd1c1 Be7c5
20.Rf1d1 Bc5xe3
21.Qc1xe3 Ra8d8
22.Nc3a2 Rf8f7
23.Nf3g5 Rf7f6
24.Na2b4 Nc6a5
25.dxc4 h6
26.Ng5f3 Na5xc4
27.Qe3c3 Rd8c8
28.Nb4d3 b6
29.Qc3b4 Rf6f7
30.Rd1e1 Nd7f8
31.Re1d1 Nf8d7
{ draw }
1/2-1/2

[Event "Tourn. n8430"]
[Site "www.chess-mail.com"]
[Date "2015.11.04"]
[Round "1"]
[White "Fred"]
[Black "Francesco"]
[WhiteElo "1970"]
[BlackElo "1950"]
[Result "1-0"]
[Round "1"]
1.e4 c6
2.f4 d5
3.e5 Bc8f5
4.Ng1f3 e6
5.d4 c5
6.c3 cxd4
7.cxd4 Bf8b4
8.Nb1c3 Ng8e7
9.Bf1b5 Nb8c6
10.O-O O-O
11.Bc1e3 Qd8a5
12.Bb5xc6 Ne7xc6
13.Nc3e2 Ra8c8
14.a3 Bb4e7
15.b4 Qa5d8
16.Ra1c1 b5
17.Ne2g3 Bf5g4
18.Ng3e2 a6
19.Ne2c3 h6
20.Be3f2 Bg4f5
21.Qd1e2 Qd8b6
22.h3 Bf5g6
23.Qe2b2 Bg6d3
24.Rf1e1 Bd3c4
25.Qb2c2 Qb6d8
26.f5 exf5
27.Qc2xf5 Rc8c7
28.e6 f6
29.Nf3h4 Qd8e8
30.Nh4g6 Be7d6
31.Ng6xf8 Qe8xf8
32.Nc3xd5 Bc4xd5
33.Qf5xd5 { resign }
1-0

[Event "Tourn. n8460"]
[Site "www.chess-mail.com"]
[Date "2015.11.04"]
[Round "1"]
[White "Dulap"]
[Black "Easychess"]
[WhiteElo "1660"]
[BlackElo "1540"]
[Result "0-1"]
[Round "1"]
1.e4 c5
2.Ng1f3 d6
3.d4 cxd4
4.Nf3xd4 Ng8f6
5.Nb1c3 g6
6.Bc1e3 Bf8g7
7.Qd1d2 Nb8c6
8.O-O-O O-O
9.f3 Nc6xd4
10.Be3xd4 Bc8e6
11.g4 Qd8a5
12.Kb1 Rf8c8
13.h4 Rc8xc3
14.Bd4xc3 Qa5xa2
{ resign }
0-1

[Event "Tourn. n8403"]
[Site "www.chess-mail.com"]
[Date "2015.11.04"]
[Round "1"]
[White "Pariolinius"]
[Black "Wegaman"]
[WhiteElo "1940"]
[BlackElo "1950"]
[Result "1-0"]
[Round "1"]
1.d4 d5
2.c4 e6
3.Nb1c3 Ng8f6
4.Bc1g5 Bf8e7
5.Ng1f3 O-O
6.e3 h6
7.Bg5h4 c6
8.c5 b6
9.b4 Bc8d7
10.Bf1d3 bxc5
11.bxc5 Bd7e8
12.Ra1b1 Nb8d7
13.O-O a5
14.Nc3a4 Nf6e4
15.Bh4xe7 Qd8xe7
16.Na4b6 Nd7xb6
17.cxb6 Ne4c3
18.Qd1c2 Nc3xb1
19.Rf1xb1 Qe7b7
20.Nf3e5 Kh8
21.f4 Kg8
22.g4 f5
23.Qc2g2 fxg4
24.Qg2xg4 Qb7e7
25.Bd3g6 Qe7f6
26.Bg6xe8 Ra8xe8
27.Ne5d7 Qf6e7
28.Nd7xf8 Re8xf8
29.b7 Rf8b8
30.a4 Rb8xb7
31.Rb1xb7 Qe7f6
32.Rb7c7 { resign }
1-0

[Event "Tourn. n8431"]
[Site "www.chess-mail.com"]
[Date "2015.11.04"]
[Round "1"]
[White "Cathar"]
[Black "Darko10"]
[WhiteElo "2260"]
[BlackElo "2500"]
[Result "0-1"]
[Round "1"]
1.e4 d6
2.d4 Ng8f6
3.Nb1c3 g6
4.Bc1e3 Bf8g7
5.Qd1d2 Nb8c6
6.f3 O-O
7.O-O-O a5
8.g4 a4
9.a3 e5
10.Ng1e2 Nf6d7
11.d5 Nc6a5
12.Ne2g3 Nd7b6
13.Be3xb6 cxb6
14.h4 Qd8f6
15.Qd2g2 Bc8d7
16.Bf1d3 Rf8c8
17.Nc3e2 b5
18.Kb1 b4
19.axb4 Na5c4
20.Bd3xc4 Rc8xc4
21.c3 Qf6d8
22.Ka2 Rc4c8
23.Ka3 Qd8c7
24.Ne2c1 Qc7c4
25.Qg2c2 Qc4b3
{ resign }
0-1

[Event "Tourn. n8466"]
[Site "www.chess-mail.com"]
[Date "2015.11.04"]
[Round "1"]
[White "Cardiff"]
[Black "Goosebumps"]
[WhiteElo "1840"]
[BlackElo "2020"]
[Result "1/2-1/2"]
[Round "1"]
1.e4 e6
2.d4 d5
3.Nb1c3 Bf8b4
4.e5 c5
5.Bc1d2 cxd4
6.Nc3b5 Bb4xd2
7.Qd1xd2 Nb8c6
8.Nb5d6 Kf8
9.f4 a6
10.Ng1f3 Qd8b6
11.O-O-O Ng8e7
12.Nf3xd4 Bc8d7 
13.Nd4xc6 Ne7xc6
14.Kb1 Ke7
{ draw }
1/2-1/2

[Event "Tourn. n8317"]
[Site "www.chess-mail.com"]
[Date "2015.11.04"]
[Round "1"]
[White "Azorau"]
[Black "Passaroa25"]
[WhiteElo "1529"]
[BlackElo "1550"]
[Result "1-0"]
[Round "1"]
1.e4 c6
2.Ng1f3 f6
3.c3 d5
4.e5 e6
5.c4 d4
6.exf6 Qd8xf6
7.d3 Bf8b4
8.Bc1d2 c5
9.Bf1e2 h6
10.a3 Bb4a5
11.Bd2xa5 Nb8c6
12.Ba5d2 Ng8e7
13.Qd1a4 O-O
14.b4 b6
15.b5 Nc6a5
16.Qa4d1 Bc8d7
17.O-O Ne7f5
18.Bd2xa5 bxa5
19.Qd1a4 Qf6d8
20.Nf3e5 Qd8c7
21.Ne5g6 Rf8b8
22.g3 Bd7e8
23.Ng6f4 e5
24.Nf4d5 Qc7d7
25.Nb1d2 Qd7d6
26.Be2g4 Be8d7
27.Nd2e4 Qd6g6
28.Bg4xf5 Bd7xf5
29.Nd5e7 Kh7
30.Ne7xg6 Bf5xg6
31.Qa4xa5 Rb8b6
32.Qa5d2 Ra8c8
33.f4 Bg6xe4
34.fxe5 Be4g6
35.Ra1e1 Rc8c7
36.e6 Rc7e7
37.Re1e5 Rb6xe6
38.Re5xc5 Re6e2
39.Qd2d1 Re2e3
40.a4 Bg6xd3
41.Kg2 Bd3xf1
42.Qd1xf1 Re3e2
43.Kh3 d3
44.Qf1f5 g6
45.Qf5xd3 Re2f2
46.Rc5c6 Rf2f5
47.Qd3d6 Rf5h5
48.Kg4 Rh5g5
49.Kh3 Re7g7
50.a5 h5
51.b6 axb6
52.axb6 Rg5g4
53.c5 Kh6
54.Qd6f8 Rg4g5
55.b7 { resign }
1-0

[Event "Tourn. n8416"]
[Site "www.chess-mail.com"]
[Date "2015.11.04"]
[Round "1"]
[White "Bevittsmith"]
[Black "Norlavuaram"]
[WhiteElo "2260"]
[BlackElo "2150"]
[Result "1/2-1/2"]
[Round "1"]
1.e4 e5
2.Ng1f3 Nb8c6
3.Bf1b5 a6
4.Bb5a4 Ng8f6
5.O-O Bf8e7
6.Rf1e1 b5
7.Ba4b3 O-O
8.c3 d6
9.h3 Nc6b8
10.d4 Nb8d7
11.Nb1d2 Bc8b7
12.Bb3c2 Rf8e8
13.Nd2f1 Be7f8
14.Nf1g3 g6
15.a4 c5
16.d5 Bf8g7
17.Nf3h2 c4
18.Bc1e3 Ra8c8
19.f4 exf4
20.Be3xf4 Nd7e5
21.Nh2f3 Nf6d7
22.Nf3d4 Qd8h4
23.Ng3e2 Nd7c5
24.Re1f1 Rc8d8
25.Qd1d2 Ne5d3
26.Bc2xd3 Nc5xd3
27.Nd4f3 Qh4e7
28.Ne2g3 Bb7c8
29.axb5 axb5
30.Bf4g5 f6
31.Bg5e3 Rd8d7
32.Be3d4 Nd3e5
33.Nf3xe5 fxe5
34.Bd4e3 Qe7h4
35.Rf1f3 Qh4d8
36.Ra1f1 Re8f8
37.Rf3xf8 { draw }
1/2-1/2